| 000 | 00472cam a2200145 4500500 | ||
|---|---|---|---|
| 005 | 20251012015948.0 | ||
| 041 | _afre | ||
| 042 | _adc | ||
| 100 | 1 | 0 |
_aMarion-Audibert _eauthor |
| 245 | 0 | 0 | _aPages de fin |
| 260 | _c2025. | ||
| 500 | _a40 | ||
| 786 | 0 | _nHépato-Gastro & Oncologie Digestive | 32 | 2 | 2025-03-05 | p. 243-244 | 2115-3310 | |
| 856 | 4 | 1 | _uhttps://shs.cairn.info/revue-hepato-gastro-et-oncologie-digestive-2025-2-page-243?lang=fr&redirect-ssocas=7080 |
| 999 |
_c1533855 _d1533855 |
||